Statistiques concernant QA #02 - Noël de A à Z

Cliquez ici pour prendre le quiz!

Statistiques générales

  • Ce quiz a été pris 1 270 fois
  • Le résultat moyen est 18 sur 26

Statistiques - réponses

LettreIndiceRéponse% Correct
DMois de NoëlDécembre
97%
GElle s'enroule autour de l'arbre de NoëlGuirlande
95%
LIls aident Santa dans la préparation des cadeauxLutins
94%
VCouleur originale des vêtement de SantaVert
91%
FPays où se situerait le village du Père NoëlFinlande
89%
HArbuste à fruits rouges vifs toxiquesHoux
86%
APériode liturgique précédent NoëlAvent
84%
SConifère indissociable de cette fêteSapin
84%
YAll I want for Christmas is?You
84%
XAbréviation pour Noël, en anglaisX-Mas
80%
NSaint qui aurait inspiré la création de SantaNicolas
79%
PPlus grand succès de la chanson française, par Tino RossiPetit Papa Noël
76%
JPère mortel de JésusJoseph
75%
RLe renne au nez rougeRudolphe
72%
ZPays où le "scarabé de Noël" est consommé lors des fêtesZimbabwe
71%
BVille de naissance de JésusBethléem
67%
QNombre de dimanches dans l'A____Quatre
64%
OCe que serait le Père Noël selon le SplendidOrdure
59%
KFast-food où l'on fête souvent Noël au JaponKFC
58%
WChansons de Bing Crosby, traduite Noël blanc en françaisWhite Christmas
58%
TCompositeur à l'origine de Casse-NoisetteTchaïkovsky
47%
UEtat disparu en 1991 qui aurait cherché à effacer NoëlURSS
47%
IConnue pour Un monde parfait, elle interprète
également Noël, que du bonheur
Ilona
37%
MPrésent des rois mages, avec l'or et l'encensMyrrhe
37%
CPrésent pour les enfants n'ayant pas été sagesCharbon
35%
EAussi appelée poinsettiaEtoile de Noël
18%

Distribution des résultats

Percentile par nombre de réponses

% des personnes avec chaque résultat

Votre développement - résultats

Vous n’avez pas pris ce quiz